000 00581nam a2200217Ia 4500
003 OSt
005 20220918191942.0
006 a|||||r|||| 00| 0
007 ta
008 220917b |||||||| |||| 00| 0 eng d
024 _a66,113
037 _cTextual
040 _aARTS
_cARTS
_beng
041 _2eng
_aeng
082 _aR2, M3
100 _aGifford N L
_977826
245 0 _aWhen in Rome
_b an introduction to relative and knowledge
260 _aAlbany
_bState univ Of N.Y Press
_c1983
942 _hR2, M3
_cTEXL
_2CC
999 _c192347
_d192347